[Event "European Chess Club Cup 2023"]
[Site "Durres, Albania"]
[Date "2023.10.03"]
[Round "3.44"]
[White "Cahen, Alexis"]
[Black "Arnaudov, G. Petar"]
[Result "0-1"]
[TimeControl "90' + 30' & 30\""]
[WhiteElo "2049"]
[BlackElo "2428"]

1. d4 {[%clk 01:30:47]} {[%emt 00:00:11]} c5 {[%clk 01:30:13]} {[%emt
00:00:47]} 2. c3 {[%clk 01:30:27]} {[%emt 00:00:50]} cxd4 {[%clk 01:29:26]}
{[%emt 00:01:18]} 3. cxd4 {[%clk 01:30:17]} {[%emt 00:00:40]} d5 {[%clk
01:29:52]} {[%emt 00:00:04]} 4. Nc3 {[%clk 01:28:24]} {[%emt 00:02:21]} Nc6
{[%clk 01:28:36]} {[%emt 00:01:47]} 5. Bg5 {[%clk 01:20:13]} {[%emt 00:08:42]}
f6 {[%clk 01:27:36]} {[%emt 00:01:31]} 6. Bh4 {[%clk 01:19:15]} {[%emt
00:01:27]} Bf5 {[%clk 01:23:27]} {[%emt 00:04:39]} 7. e3 {[%clk 01:16:41]}
{[%emt 00:03:04]} e6 {[%clk 01:23:35]} {[%emt 00:00:21]} 8. Bd3 {[%clk
01:15:02]} {[%emt 00:02:09]} Nh6 {[%clk 01:23:38]} {[%emt 00:00:26]} 9. Nge2
{[%clk 01:13:02]} {[%emt 00:02:31]} Qd7 {[%clk 01:15:39]} {[%emt 00:08:29]} 10.
Bg3 {[%clk 01:08:08]} {[%emt 00:05:24]} Be7 {[%clk 01:14:23]} {[%emt 00:01:47]}
11. Rc1 {[%clk 01:05:07]} {[%emt 00:03:30]} O-O {[%clk 01:09:44]} {[%emt
00:05:09]} 12. O-O {[%clk 01:04:13]} {[%emt 00:01:22]} Rad8 {[%clk 01:05:33]}
{[%emt 00:04:43]} 13. Bxf5 {[%clk 00:53:50]} {[%emt 00:10:53]} Nxf5 {[%clk
01:05:54]} {[%emt 00:00:08]} 14. Nf4 {[%clk 00:54:09]} {[%emt 00:00:11]} Bd6
{[%clk 01:03:03]} {[%emt 00:03:21]} 15. Nd3 {[%clk 00:50:12]} {[%emt 00:04:27]}
Bxg3 {[%clk 01:02:28]} {[%emt 00:01:07]} 16. hxg3 {[%clk 00:50:24]} {[%emt
00:00:17]} e5 {[%clk 01:02:00]} {[%emt 00:00:58]} 17. Nc5 {[%clk 00:46:45]}
{[%emt 00:04:08]} Qf7 {[%clk 01:02:01]} {[%emt 00:00:28]} 18. Ne2 {[%clk
00:43:47]} {[%emt 00:03:29]} Rfe8 {[%clk 00:57:59]} {[%emt 00:04:32]} 19. Qc2
{[%clk 00:37:59]} {[%emt 00:06:19]} g6 {[%clk 00:50:30]} {[%emt 00:08:00]} 20.
Nxb7 {[%clk 00:31:14]} {[%emt 00:07:13]} Rc8 {[%clk 00:49:47]} {[%emt
00:01:14]} 21. Qb3 {[%clk 00:28:28]} {[%emt 00:03:15]} Rc7 {[%clk 00:47:58]}
{[%emt 00:02:20]} 22. Qa4 {[%clk 00:26:13]} {[%emt 00:02:45]} Rec8 {[%emt
00:13:41]} 23. Nc5 {[%clk 00:16:17]} {[%emt 00:10:23]} Nd8 {[%clk 00:32:53]}
{[%emt 00:02:25]} 24. Nd3 {[%clk 00:15:00]} {[%emt 00:01:48]} Rc4 {[%clk
00:32:04]} {[%emt 00:01:19]} 25. Qb5 {[%clk 00:13:58]} {[%emt 00:01:32]} exd4
{[%clk 00:31:34]} {[%emt 00:01:01]} 26. Nxd4 {[%clk 00:13:19]} {[%emt
00:01:09]} Nxd4 {[%clk 00:29:03]} {[%emt 00:03:01]} 27. exd4 {[%clk 00:13:41]}
{[%emt 00:00:08]} Nc6 {[%clk 00:28:17]} {[%emt 00:01:16]} 28. Rxc4 {[%clk
00:08:50]} {[%emt 00:05:22]} dxc4 {[%clk 00:28:20]} {[%emt 00:00:26]} 29. Qa6
{[%clk 00:08:24]} {[%emt 00:00:56]} Rc7 {[%clk 00:28:10]} {[%emt 00:00:40]} 30.
Nf4 {[%clk 00:08:12]} {[%emt 00:00:42]} g5 {[%clk 00:27:05]} {[%emt 00:01:34]}
31. Ne2 {[%clk 00:06:32]} {[%emt 00:02:10]} Nb4 {[%clk 00:25:14]} {[%emt
00:02:22]} 32. Qb5 {[%clk 00:06:16]} {[%emt 00:00:46]} Rb7 {[%clk 00:24:25]}
{[%emt 00:01:19]} 33. Qa5 {[%clk 00:04:15]} {[%emt 00:02:31]} Kg7 {[%clk
00:23:46]} {[%emt 00:01:09]} 34. Rc1 {[%clk 00:02:30]} {[%emt 00:02:15]} Nd3
{[%clk 00:23:24]} {[%emt 00:00:52]} 35. Rc2 {[%clk 00:02:46]} {[%emt 00:00:14]}
Nxb2 {[%clk 00:23:04]} {[%emt 00:00:50]} 36. Qc3 {[%clk 00:02:14]} {[%emt
00:01:01]} Nd3 {[%clk 00:23:16]} {[%emt 00:00:18]} 37. g4 {[%clk 00:01:11]}
{[%emt 00:01:34]} Rb1+ {[%clk 00:23:02]} {[%emt 00:00:44]} 38. Nc1 {[%clk
00:00:34]} {[%emt 00:01:07]} Qd5 {[%clk 00:22:19]} {[%emt 00:01:12]} 39. Kh2
{[%clk 00:00:33]} {[%emt 00:00:32]} Rxc1 {[%clk 00:21:03]} {[%emt 00:01:46]} 40.
Rxc1 {[%clk 00:00:56]} {[%emt 00:00:07]} Nxc1 {[%clk 00:21:29]} {[%emt
00:00:04]} 41. Qxc1 {[%clk 00:01:07]} {[%emt 00:00:19]} Qxd4 {[%clk 00:21:48]}
{[%emt 00:00:10]} 42. Qa3 {[%clk 00:27:59]} {[%emt 00:03:38]} Kf7 {[%clk
00:49:34]} {[%emt 00:02:44]} 43. Qa6 {[%clk 00:24:35]} {[%emt 00:03:53]} Qc5
{[%clk 00:45:44]} {[%emt 00:04:21]} 44. Qb7+ {[%clk 00:24:08]} {[%emt
00:00:58]} Kg6 {[%clk 00:46:05]} {[%emt 00:00:08]} 45. Kg1 {[%clk 00:18:01]}
{[%emt 00:06:36]} c3 {[%clk 00:45:37]} {[%emt 00:00:59]} 46. Qe4+ {[%clk
00:17:27]} {[%emt 00:01:04]} Kg7 {[%clk 00:45:57]} {[%emt 00:00:10]} 47. Qb7+
{[%clk 00:17:32]} {[%emt 00:00:25]} Kh6 {[%clk 00:45:01]} {[%emt 00:01:21]} 48.
Qf3 {[%clk 00:14:28]} {[%emt 00:03:39]} Kg7 {[%clk 00:41:21]} {[%emt 00:04:11]}
49. Qb7+ {[%clk 00:14:19]} {[%emt 00:00:38]} Kf8 {[%clk 00:41:08]} {[%emt
00:00:43]} 50. Qa8+ {[%clk 00:12:26]} {[%emt 00:02:24]} Ke7 {[%clk 00:40:18]}
{[%emt 00:01:19]} 51. Qe4+ {[%clk 00:10:51]} {[%emt 00:02:05]} Kd7 {[%clk
00:40:35]} {[%emt 00:00:09]} 52. Qxh7+ {[%clk 00:10:21]} {[%emt 00:01:05]} Kc8
{[%clk 00:40:43]} {[%emt 00:00:14]} 53. Qh8+ {[%clk 00:08:15]} {[%emt
00:02:44]} Kb7 {[%clk 00:40:44]} {[%emt 00:00:29]} 54. Qh7+ {[%clk 00:05:25]}
{[%emt 00:03:20]} Kb6 {[%clk 00:41:05]} {[%emt 00:00:07]} 55. Qb1+ {[%clk
00:05:39]} {[%emt 00:00:17]} Ka5 {[%clk 00:41:22]} {[%emt 00:00:09]} 56. Qc2
{[%clk 00:05:41]} {[%emt 00:00:32]} Qc4 {[%clk 00:40:32]} {[%emt 00:01:19]} 57.
f3 {[%clk 00:04:47]} {[%emt 00:01:25]} Kb4 {[%clk 00:40:12]} {[%emt 00:00:51]}
58. Kf2 {[%clk 00:04:26]} {[%emt 00:00:52]} a5 {[%clk 00:40:25]} {[%emt
00:00:16]} 59. Ke3 {[%clk 00:04:13]} {[%emt 00:00:43]} Ka3 {[%clk 00:39:57]}
{[%emt 00:00:55]} 60. g3 {[%clk 00:02:53]} {[%emt 00:01:54]} a4 {[%clk
00:38:41]} {[%emt 00:01:46]} 61. Qc1+ {[%clk 00:01:55]} {[%emt 00:01:27]} Kxa2
{[%clk 00:38:50]} {[%emt 00:00:21]} 62. Qc2+ {[%clk 00:02:24]} {[%emt
00:00:01]} Ka3 {[%clk 00:39:14]} {[%emt 00:00:07]} 63. Qc1+ {[%clk 00:02:51]}
{[%emt 00:00:03]} Kb4 {[%clk 00:39:33]} {[%emt 00:00:09]} 64. Qb1+ {[%clk
00:03:12]} {[%emt 00:00:11]} Qb3 {[%clk 00:39:38]} {[%emt 00:00:24]} 65. Qe4+
{[%clk 00:03:27]} {[%emt 00:00:15]} Ka3 {[%clk 00:39:58]} {[%emt 00:00:09]} 66.
Kd3 {[%clk 00:03:11]} {[%emt 00:00:47]} Kb2 {[%clk 00:39:54]} {[%emt 00:00:33]}
67. Qe2+ {[%clk 00:02:06]} {[%emt 00:01:35]} c2+ {[%clk 00:40:17]} {[%emt
00:00:07]} 68. Ke4 {[%clk 00:02:33]} {[%emt 00:00:04]} Qe6+ {[%clk 00:40:40]}
{[%emt 00:00:06]} 0-1

[Event "European Chess Club Cup 2023"]
[Site "Durres, Albania"]
[Date "2023.10.03"]
[Round "3.45"]
[White "Nikolovski, Nikola"]
[Black "Gengler, Pierre"]
[Result "1-0"]
[TimeControl "90' + 30' & 30\""]
[WhiteElo "2382"]
[BlackElo "2130"]

1. e4 {[%clk 01:30:55]} {[%emt 00:00:04]} c5 {[%clk 01:30:10]} {[%emt
00:00:50]} 2. Nc3 {[%clk 01:31:16]} {[%emt 00:00:09]} Nc6 {[%clk 01:30:36]}
{[%emt 00:00:05]} 3. Bb5 {[%clk 01:31:36]} {[%emt 00:00:08]} g6 {[%clk
01:30:47]} {[%emt 00:00:20]} 4. Bxc6 {[%clk 01:30:55]} {[%emt 00:01:10]} bxc6
{[%clk 01:30:41]} {[%emt 00:00:37]} 5. d3 {[%clk 01:30:17]} {[%emt 00:01:08]}
Bg7 {[%clk 01:31:00]} {[%emt 00:00:11]} 6. f4 {[%clk 01:30:19]} {[%emt
00:00:28]} d6 {[%clk 01:31:19]} {[%emt 00:00:12]} 7. Nf3 {[%clk 01:30:41]}
{[%emt 00:00:07]} Rb8 {[%clk 01:30:48]} {[%emt 00:01:02]} 8. O-O {[%clk
01:29:23]} {[%emt 00:01:47]} Nf6 {[%clk 01:31:00]} {[%emt 00:00:18]} 9. Qe1
{[%clk 01:28:56]} {[%emt 00:00:57]} O-O {[%clk 01:31:00]} {[%emt 00:00:30]} 10.
b3 {[%clk 01:26:49]} {[%emt 00:02:36]} Ne8 {[%clk 01:30:19]} {[%emt 00:01:12]}
11. Bb2 {[%clk 01:23:16]} {[%emt 00:04:02]} Qa5 {[%clk 01:24:49]} {[%emt
00:06:01]} 12. e5 {[%clk 01:09:14]} {[%emt 00:14:31]} Qb4 {[%clk 00:57:44]}
{[%emt 00:27:36]} 13. Qg3 {[%clk 00:59:35]} {[%emt 00:10:09]} d5 {[%clk
00:54:00]} {[%emt 00:04:15]} 14. Na4 {[%clk 00:56:10]} {[%emt 00:03:55]} Bh6
{[%clk 00:46:01]} {[%emt 00:08:30]} 15. c4 {[%clk 00:54:11]} {[%emt 00:02:27]}
Ng7 {[%clk 00:42:54]} {[%emt 00:03:38]} 16. Bc3 {[%clk 00:46:44]} {[%emt
00:07:56]} Qb7 {[%clk 00:41:37]} {[%emt 00:01:47]} 17. Bd2 {[%clk 00:44:29]}
{[%emt 00:02:45]} f6 {[%clk 00:21:37]} {[%emt 00:20:31]} 18. Rae1 {[%clk
00:39:41]} {[%emt 00:05:17]} Nf5 {[%clk 00:11:47]} {[%emt 00:10:22]} 19. Qf2
{[%clk 00:38:29]} {[%emt 00:01:41]} Nd4 {[%clk 00:11:34]} {[%emt 00:00:44]} 20.
Nxd4 {[%clk 00:33:19]} {[%emt 00:05:40]} cxd4 {[%clk 00:11:57]} {[%emt
00:00:07]} 21. e6 {[%clk 00:32:49]} {[%emt 00:00:59]} f5 {[%clk 00:10:31]}
{[%emt 00:01:56]} 22. Qxd4 {[%clk 00:31:36]} {[%emt 00:01:43]} Bg7 {[%clk
00:10:22]} {[%emt 00:00:39]} 23. Qf2 {[%clk 00:24:38]} {[%emt 00:07:28]} Qc7
{[%clk 00:09:37]} {[%emt 00:01:15]} 24. Be3 {[%clk 00:22:07]} {[%emt 00:03:01]}
Ra8 {[%clk 00:10:00]} {[%emt 00:00:08]} 25. Bd4 {[%clk 00:21:37]} {[%emt
00:00:59]} Bxd4 {[%clk 00:09:26]} {[%emt 00:01:04]} 26. Qxd4 {[%clk 00:22:00]}
{[%emt 00:00:07]} Rd8 {[%clk 00:09:51]} {[%emt 00:00:06]} 27. Qf2 {[%clk
00:19:31]} {[%emt 00:02:58]} Qa5 {[%clk 00:09:32]} {[%emt 00:00:50]} 28. Re2
{[%clk 00:14:37]} {[%emt 00:05:24]} Rd6 {[%clk 00:06:58]} {[%emt 00:03:04]} 29.
Nc5 {[%clk 00:13:30]} {[%emt 00:01:36]} Ba6 {[%clk 00:06:30]} {[%emt 00:00:58]}
30. Nd7 {[%clk 00:11:13]} {[%emt 00:02:47]} Bc8 {[%clk 00:05:57]} {[%emt
00:01:05]} 31. c5 {[%clk 00:11:06]} {[%emt 00:00:37]} Rxd7 {[%clk 00:04:26]}
{[%emt 00:02:01]} 32. exd7 {[%clk 00:11:27]} {[%emt 00:00:09]} Bxd7 {[%clk
00:04:54]} {[%emt 00:00:02]} 33. Rxe7 {[%clk 00:11:38]} {[%emt 00:00:18]} Be8
{[%clk 00:05:16]} {[%emt 00:00:08]} 34. Qd4 {[%clk 00:09:20]} {[%emt 00:02:48]}
Bf7 {[%clk 00:05:41]} {[%emt 00:00:05]} 35. Rfe1 {[%clk 00:09:33]} {[%emt
00:00:17]} Rf8 {[%clk 00:05:43]} {[%emt 00:00:28]} 36. h4 {[%clk 00:08:45]}
{[%emt 00:01:18]} Qxa2 {[%clk 00:05:32]} {[%emt 00:00:41]} 37. b4 {[%clk
00:06:07]} {[%emt 00:03:08]} Qd2 {[%clk 00:05:16]} {[%emt 00:00:47]} 38. Qf6
{[%clk 00:04:21]} {[%emt 00:02:16]} Qxb4 {[%clk 00:05:25]} {[%emt 00:00:21]} 39.
d4 {[%clk 00:02:19]} {[%emt 00:02:32]} a5 {[%clk 00:05:31]} {[%emt 00:00:23]}
40. h5 {[%clk 00:01:48]} {[%emt 00:01:01]} gxh5 {[%clk 00:04:58]} {[%emt
00:01:03]} 41. R1e3 {[%clk 00:02:02]} {[%emt 00:00:16]} 1-0

[Event "European Chess Club Cup 2023"]
[Site "Durres, Albania"]
[Date "2023.10.03"]
[Round "3.46"]
[White "Favier, Alain"]
[Black "Veljanoski, Andrej"]
[Result "0-1"]
[TimeControl "90' + 30' & 30\""]
[WhiteElo "2023"]
[BlackElo "2261"]

1. d4 {[%clk 01:30:56]} {[%emt 00:00:04]} d5 {[%clk 01:30:26]} {[%emt
00:00:34]} 2. c4 {[%clk 01:31:12]} {[%emt 00:00:13]} e6 {[%clk 01:30:18]}
{[%emt 00:00:39]} 3. Nc3 {[%clk 01:31:34]} {[%emt 00:00:08]} Nf6 {[%clk
01:30:41]} {[%emt 00:00:06]} 4. cxd5 {[%clk 01:31:59]} {[%emt 00:00:05]} exd5
{[%clk 01:31:07]} {[%emt 00:00:04]} 5. Bg5 {[%clk 01:32:25]} {[%emt 00:00:04]}
c6 {[%clk 01:31:30]} {[%emt 00:00:07]} 6. e3 {[%clk 01:32:49]} {[%emt
00:00:06]} Bd6 {[%clk 01:31:39]} {[%emt 00:00:21]} 7. Bd3 {[%clk 01:32:44]}
{[%emt 00:00:35]} O-O {[%clk 01:32:00]} {[%emt 00:00:09]} 8. Qc2 {[%clk
01:29:59]} {[%emt 00:03:15]} h6 {[%clk 01:31:40]} {[%emt 00:00:51]} 9. Bh4
{[%clk 01:30:24]} {[%emt 00:00:05]} Re8 {[%clk 01:32:03]} {[%emt 00:00:06]} 10.
Nge2 {[%clk 01:29:12]} {[%emt 00:01:43]} a5 {[%clk 01:31:25]} {[%emt 00:01:08]}
11. Bg3 {[%clk 01:28:36]} {[%emt 00:01:06]} Na6 {[%clk 01:28:21]} {[%emt
00:03:33]} 12. a3 {[%clk 01:28:22]} {[%emt 00:00:44]} Nc7 {[%clk 01:25:08]}
{[%emt 00:03:43]} 13. O-O {[%clk 01:26:55]} {[%emt 00:01:58]} Bf8 {[%clk
01:15:05]} {[%emt 00:10:33]} 14. Rae1 {[%clk 01:23:32]} {[%emt 00:03:53]} Ne6
{[%clk 01:12:29]} {[%emt 00:03:06]} 15. e4 {[%clk 01:21:32]} {[%emt 00:02:30]}
dxe4 {[%clk 01:00:14]} {[%emt 00:12:45]} 16. Nxe4 {[%clk 01:21:27]} {[%emt
00:00:35]} Nh5 {[%clk 00:59:30]} {[%emt 00:01:14]} 17. Be5 {[%clk 01:20:41]}
{[%emt 00:01:15]} f6 {[%clk 00:57:27]} {[%emt 00:02:34]} 18. N4g3 {[%clk
01:17:52]} {[%emt 00:03:19]} fxe5 {[%clk 00:52:33]} {[%emt 00:05:23]} 19. Nxh5
{[%clk 01:18:10]} {[%emt 00:00:12]} Nxd4 {[%clk 00:50:22]} {[%emt 00:02:42]} 20.
Nxd4 {[%clk 01:18:00]} {[%emt 00:00:40]} Qxd4 {[%clk 00:50:07]} {[%emt
00:00:44]} 21. Bh7+ {[%clk 01:10:11]} {[%emt 00:08:19]} Kh8 {[%clk 00:50:10]}
{[%emt 00:00:27]} 22. Bg6 {[%clk 01:10:31]} {[%emt 00:00:09]} Rd8 {[%clk
00:46:12]} {[%emt 00:04:29]} 23. Re3 {[%clk 01:04:40]} {[%emt 00:06:20]} Be6
{[%clk 00:40:35]} {[%emt 00:06:07]} 24. Bf5 {[%clk 00:51:52]} {[%emt 00:13:19]}
Bd5 {[%clk 00:33:34]} {[%emt 00:07:30]} 25. Rfe1 {[%clk 00:49:41]} {[%emt
00:02:41]} Qh4 {[%clk 00:29:26]} {[%emt 00:04:38]} 26. Ng3 {[%clk 00:44:22]}
{[%emt 00:05:49]} Qg5 {[%clk 00:28:54]} {[%emt 00:01:03]} 27. Rxe5 {[%emt
00:05:53]} Bd6 {[%clk 00:28:31]} {[%emt 00:00:49]} 28. R5e3 {[%clk 00:35:57]}
{[%emt 00:03:36]} Rf8 {[%clk 00:21:03]} {[%emt 00:07:58]} 29. Be4 {[%clk
00:30:27]} {[%emt 00:06:00]} Bg8 {[%clk 00:19:57]} {[%emt 00:01:36]} 30. Bd3
{[%clk 00:25:41]} {[%emt 00:05:16]} Bc7 {[%clk 00:17:03]} {[%emt 00:03:23]} 31.
Ne4 {[%clk 00:19:36]} {[%emt 00:06:36]} Qe5 {[%clk 00:17:07]} {[%emt 00:00:26]}
32. Ng3 {[%clk 00:19:01]} {[%emt 00:01:05]} Qd6 {[%clk 00:17:11]} {[%emt
00:00:26]} 33. Bc4 {[%clk 00:18:50]} {[%emt 00:00:42]} Bh7 {[%clk 00:16:30]}
{[%emt 00:01:10]} 34. Qe2 {[%clk 00:18:39]} {[%emt 00:00:40]} Bb6 {[%clk
00:15:44]} {[%emt 00:01:17]} 35. Rf3 {[%clk 00:14:50]} {[%emt 00:04:19]} Rxf3
{[%clk 00:14:58]} {[%emt 00:01:16]} 36. gxf3 {[%clk 00:14:47]} {[%emt
00:00:33]} Bg6 {[%clk 00:12:52]} {[%emt 00:02:35]} 37. Ne4 {[%clk 00:07:59]}
{[%emt 00:07:18]} Qf4 {[%clk 00:12:39]} {[%emt 00:00:43]} 38. Qd3 {[%clk
00:03:45]} {[%emt 00:04:45]} Rd8 {[%clk 00:11:18]} {[%emt 00:01:51]} 39. Qb3
{[%clk 00:03:06]} {[%emt 00:01:09]} Bd4 {[%clk 00:07:28]} {[%emt 00:04:19]} 40.
Ng3 {[%clk 00:00:41]} {[%emt 00:02:56]} a4 {[%clk 00:06:36]} {[%emt 00:01:21]}
41. Qb4 {[%clk 00:29:44]} {[%emt 00:01:27]} Qxf3 {[%clk 00:32:39]} {[%emt
00:04:27]} 42. Qd2 {[%clk 00:28:43]} {[%emt 00:01:31]} b5 {[%clk 00:31:58]}
{[%emt 00:01:12]} 43. Bf1 {[%clk 00:28:49]} {[%emt 00:00:24]} Bb6 {[%clk
00:29:41]} {[%emt 00:02:46]} 44. Qe2 {[%clk 00:28:16]} {[%emt 00:01:03]} Qf4
{[%clk 00:29:58]} {[%emt 00:00:13]} 0-1

[Event "European Chess Club Cup 2023"]
[Site "Durres, Albania"]
[Date "2023.10.03"]
[Round "3.47"]
[White "Zlatkov, Anton"]
[Black "Dahdah, Nagib"]
[Result "1-0"]
[TimeControl "90' + 30' & 30\""]
[WhiteElo "2198"]
[BlackElo "2073"]

1. e4 {[%clk 01:30:57]} {[%emt 00:00:02]} c5 {[%clk 01:30:53]} {[%emt
00:00:07]} 2. Nf3 {[%clk 01:31:21]} {[%emt 00:00:07]} d6 {[%clk 01:31:17]}
{[%emt 00:00:05]} 3. d4 {[%clk 01:31:37]} {[%emt 00:00:14]} cxd4 {[%clk
01:31:40]} {[%emt 00:00:07]} 4. Nxd4 {[%clk 01:31:58]} {[%emt 00:00:10]} Nf6
{[%clk 01:32:03]} {[%emt 00:00:06]} 5. Nc3 {[%clk 01:32:24]} {[%emt 00:00:05]}
a6 {[%clk 01:32:27]} {[%emt 00:00:06]} 6. f3 {[%clk 01:32:39]} {[%emt
00:00:15]} e5 {[%clk 01:31:12]} {[%emt 00:01:45]} 7. Nb3 {[%clk 01:33:04]}
{[%emt 00:00:05]} Be6 {[%clk 01:30:57]} {[%emt 00:00:44]} 8. Be3 {[%clk
01:33:29]} {[%emt 00:00:06]} Be7 {[%clk 01:31:15]} {[%emt 00:00:13]} 9. Qd2
{[%clk 01:33:23]} {[%emt 00:00:36]} O-O {[%clk 01:31:00]} {[%emt 00:00:44]} 10.
O-O-O {[%clk 01:29:47]} {[%emt 00:04:06]} Nbd7 {[%clk 01:29:04]} {[%emt
00:02:26]} 11. g4 {[%clk 01:22:34]} {[%emt 00:07:43]} b5 {[%clk 01:21:20]}
{[%emt 00:08:13]} 12. g5 {[%clk 01:12:36]} {[%emt 00:10:28]} Nh5 {[%clk
01:19:49]} {[%emt 00:02:01]} 13. Rg1 {[%clk 01:12:41]} {[%emt 00:00:26]} Nb6
{[%clk 00:56:47]} {[%emt 00:23:32]} 14. Nd5 {[%clk 01:00:02]} {[%emt 00:13:08]}
Nxd5 {[%clk 00:46:17]} {[%emt 00:11:01]} 15. exd5 {[%clk 00:58:27]} {[%emt
00:02:05]} Bd7 {[%clk 00:46:30]} {[%emt 00:00:16]} 16. f4 {[%clk 00:43:31]}
{[%emt 00:15:26]} exf4 {[%clk 00:36:35]} {[%emt 00:10:25]} 17. Bxf4 {[%clk
00:43:54]} {[%emt 00:00:06]} Nxf4 {[%clk 00:34:28]} {[%emt 00:02:37]} 18. Qxf4
{[%clk 00:44:23]} a5 {[%clk 00:33:46]} {[%emt 00:01:12]} 19. Nd4 {[%clk
00:43:27]} {[%emt 00:01:26]} Rb8 {[%clk 00:25:18]} {[%emt 00:08:58]} 20. h4
{[%clk 00:38:50]} {[%emt 00:05:07]} Qb6 {[%clk 00:21:09]} {[%emt 00:04:40]} 21.
Bg2 {[%clk 00:38:03]} {[%emt 00:01:17]} Rbd8 {[%clk 00:14:24]} {[%emt
00:07:14]} 22. Rge1 {[%clk 00:36:17]} {[%emt 00:02:15]} Rfe8 {[%clk 00:14:12]}
{[%emt 00:00:44]} 23. Nc6 {[%clk 00:26:37]} {[%emt 00:10:10]} Bxc6 {[%clk
00:12:28]} {[%emt 00:02:13]} 24. dxc6 {[%clk 00:27:00]} {[%emt 00:00:07]} Qc7
{[%clk 00:12:41]} {[%emt 00:00:18]} 25. Bd5 {[%clk 00:27:20]} {[%emt 00:00:09]}
Bf8 {[%clk 00:12:51]} {[%emt 00:00:20]} 26. Rxe8 {[%clk 00:26:56]} {[%emt
00:00:54]} Rxe8 {[%clk 00:13:14]} {[%emt 00:00:07]} 27. Rf1 {[%clk 00:27:24]}
{[%emt 00:00:02]} Re7 {[%clk 00:12:34]} {[%emt 00:01:10]} 28. Bxf7+ {[%clk
00:27:44]} {[%emt 00:00:10]} 1-0

[Event "European Chess Club Cup 2023"]
[Site "Durres, Albania"]
[Date "2023.10.03"]
[Round "3.48"]
[White "Jacques, Robert"]
[Black "Andonovski, Ljubisa"]
[Result "1/2-1/2"]
[TimeControl "90' + 30' & 30\""]
[WhiteElo "2041"]
[BlackElo "2268"]

1. d4 {[%clk 01:30:57]} {[%emt 00:00:01]} Nf6 {[%clk 01:30:49]} {[%emt
00:00:11]} 2. Nf3 {[%clk 01:31:22]} {[%emt 00:00:06]} g6 {[%clk 01:30:51]}
{[%emt 00:00:27]} 3. Bf4 {[%clk 01:30:37]} {[%emt 00:01:16]} Bg7 {[%clk
01:31:04]} {[%emt 00:00:16]} 4. h3 {[%clk 01:30:50]} {[%emt 00:00:19]} c5
{[%clk 01:29:47]} {[%emt 00:01:45]} 5. c3 {[%clk 01:29:20]} {[%emt 00:02:00]}
Qb6 {[%clk 01:28:07]} {[%emt 00:02:10]} 6. Qb3 {[%clk 01:27:57]} {[%emt
00:01:53]} d6 {[%clk 01:27:48]} {[%emt 00:00:49]} 7. Nbd2 {[%clk 01:24:14]}
{[%emt 00:04:13]} Be6 {[%clk 01:22:02]} {[%emt 00:06:16]} 8. dxc5 {[%clk
01:19:41]} {[%emt 00:05:04]} dxc5 {[%clk 01:16:58]} {[%emt 00:05:34]} 9. Qc2
{[%clk 01:19:48]} {[%emt 00:00:22]} O-O {[%clk 01:13:29]} {[%emt 00:03:59]} 10.
e4 {[%clk 01:20:05]} {[%emt 00:00:14]} Qc6 {[%clk 00:50:13]} {[%emt 00:23:46]}
11. a4 {[%clk 01:18:19]} {[%emt 00:02:16]} Qc8 {[%clk 00:46:05]} {[%emt
00:04:38]} 12. Be2 {[%clk 01:06:41]} {[%emt 00:12:09]} Nc6 {[%clk 00:43:32]}
{[%emt 00:03:02]} 13. O-O {[%clk 01:05:07]} {[%emt 00:02:05]} Na5 {[%clk
00:32:58]} {[%emt 00:11:03]} 14. Bh2 {[%clk 01:04:01]} {[%emt 00:01:37]} a6
{[%clk 00:30:54]} {[%emt 00:02:33]} 15. Ng5 {[%clk 01:02:37]} {[%emt 00:01:54]}
Bd7 {[%clk 00:30:13]} {[%emt 00:01:11]} 16. e5 {[%clk 01:00:59]} {[%emt
00:02:09]} Bf5 {[%clk 00:23:20]} {[%emt 00:07:22]} 17. Bd3 {[%clk 00:50:32]}
{[%emt 00:10:58]} Bxd3 {[%clk 00:21:01]} {[%emt 00:02:49]} 18. Qxd3 {[%clk
00:46:44]} {[%emt 00:04:17]} Rd8 {[%clk 00:17:16]} {[%emt 00:04:15]} 19. Qe2
{[%clk 00:43:52]} {[%emt 00:03:22]} Ne8 {[%clk 00:17:18]} {[%emt 00:00:27]} 20.
Nc4 {[%clk 00:39:42]} {[%emt 00:04:40]} Nxc4 {[%clk 00:11:45]} {[%emt
00:06:05]} 21. Qxc4 {[%clk 00:40:01]} {[%emt 00:00:11]} e6 {[%clk 00:07:21]}
{[%emt 00:04:53]} 22. Ne4 {[%clk 00:35:24]} {[%emt 00:05:07]} Rd5 {[%clk
00:07:15]} {[%emt 00:00:36]} 23. Qe2 {[%clk 00:26:59]} {[%emt 00:08:55]} Qc6
{[%clk 00:05:29]} {[%emt 00:02:15]} 24. b4 {[%clk 00:25:23]} {[%emt 00:02:06]}
c4 {[%clk 00:03:56]} {[%emt 00:02:04]} 25. b5 {[%clk 00:20:34]} {[%emt
00:05:19]} Qc8 {[%clk 00:04:16]} {[%emt 00:00:10]} 26. Nd2 {[%clk 00:20:08]}
{[%emt 00:00:57]} Rd3 {[%clk 00:03:16]} {[%emt 00:01:30]} 27. Ne4 {[%clk
00:16:28]} {[%emt 00:04:10]} Rd5 {[%clk 00:03:42]} {[%emt 00:00:03]} 28. Nd2
{[%clk 00:14:27]} {[%emt 00:02:31]} Rd3 {[%clk 00:03:44]} {[%emt 00:00:28]} 29.
Ne4 {[%clk 00:14:28]} {[%emt 00:00:29]} Rd5 {[%clk 00:03:43]} {[%emt 00:00:30]}
30. Nd2 {[%emt 00:01:02]} Rd3 {[%emt 00:00:32]} 1/2-1/2